Statystyki dla Skład Barcelony 2018/19

Kliknij tutaj aby rozwiązać quiz!

Ogólne statystyki

  • Ten quiz został rozwiązany 11 365 razy
  • Średni wynik to 12 z 22

Statystyki odpowiedzi

PozycjaPiłkarz% Poprawnych
NapastnikLionel Messi
97%
BramkarzMarc-Andre ter Stegen
94%
NapastnikLuis Suarez
92%
ObrońcaGerard Pique
89%
ObrońcaJordi Alba
81%
ObrońcaSamuel Umtiti
70%
NapastnikOusmane Dembele
67%
PomocnikSergio Busquets
66%
ObrońcaSergi Roberto
65%
PomocnikIvan Rakitic
64%
ObrońcaClement Lenglet
57%
PomocnikPhilippe Coutinho
53%
ObrońcaNelson Semedo
51%
BramkarzJasper Cilessen
48%
PomocnikArturo Vidal
46%
NapastnikMalcom
24%
NapastnikKevin-Prince Boateng
23%
PomocnikCarles Alena
21%
PomocnikArthur Melo
19%
ObrońcaJean-Clair Todibo
17%
ObrońcaJeison Murillo
12%
ObrońcaThomas Vermaelen
12%

Rozkład punktacji

Percentyl według liczby udzielonych odpowiedzi

Procent ludzi z każdym wynikiem

Twoja historia wyników

Nie rozwiązałeś tego quizu